000
00236nam a2200085Ia 4500
245
0
_a
Top secret rendezvous
100
_a
HUDSON-SMITH, Linda Washington DC, 2003
_9
78326
942
_c
BK
008
210817s9999 xx 000 0 und d
999
_c
270451
_d
270451